Pride and Prejudice Characters Quiz Stats

 Plays Quiz not verified by Sporcle

Challenge
Share
Tweet
Embed
Score 0/36 Timer 04:00
0 Plays Today
Hint Answer % Correct
Protaganist's FamilyJane Bennet
98.9%
Protaganist's FamilyElizabeth Bennet
98.7%
Protaganist's FamilyLydia Bennet
97.3%
Protaganist's FamilyMary Bennet
97.1%
Protaganist's FamilyMrs Bennet
96.3%
Protaganist's FamilyMr Bennet
96%
Pemberley FamilyFitzwilliam Darcy
95.7%
Protaganist's FamilyKitty Bennet
95.5%
Netherfield FamilyCharles Bingley
92.5%
Lucas Lodge FamilyCharlotte Lucas
89.9%
Pemberley FamilyGeorgiana Darcy
82.7%
Netherfield FamilyCaroline Bingley
81.3%
Protaganist's FamilyMr Collins
81.1%
Members of the MilitiaGeorge Wickham
80.5%
Rosing's FamilyLady Catherine de Bourgh
79.5%
Pemberley FamilyOld Mr Darcy
74.9%
Rosing's FamilyAnne de Bourgh
65.9%
Protaganist's FamilyMr Edward Gardiner
60.3%
Hint Answer % Correct
Protaganist's FamilyMrs Gardiner
59.2%
Netherfield FamilyMr Hurst
54.4%
Lucas Lodge FamilyMaria Lucas
50.7%
Members of the MilitiaDenny
47.7%
Lucas Lodge FamilyLady Lucas
44%
HousekeeperMrs Hill
41.9%
Lucas Lodge FamilySir William Lucas
40.5%
Netherfield FamilyLouisa Hurst
37.6%
Protaganist's FamilyMrs Philips
35.5%
Members of the MilitiaColonel Richard Fitzwilliam
31.7%
Protaganist's FamilyMr Philips
29.6%
Members of the MilitiaColonel Forster
25.1%
Pemberley FamilyLady Anne Darcy
18.7%
HousekeeperMrs Reynolds
17.6%
Companion/GovernessMrs Younge
13.1%
Companion/GovernessMrs Jenkinson
8%
Companion/GovernessMrs Annesley
7.2%
HousekeeperMrs Nicholls
2.4%

You're not logged in!

Compare scores with friends on all Sporcle quizzes.
OR
Log In

You Might Also Like...

Show Comments

Extras

Top Quizzes Today


Score Distribution

Your Account Isn't Verified!

In order to create a playlist on Sporcle, you need to verify the email address you used during registration. Go to your Sporcle Settings to finish the process.

Report this User

Report this user for behavior that violates our Community Guidelines.

Details: